|
|
|
|
| LEADER |
00000caa a22000002c 4500 |
| 001 |
1639971378 |
| 003 |
DE-627 |
| 005 |
20220608130702.0 |
| 007 |
tu |
| 008 |
160223s1991 xx ||||| 00| ||ger c |
| 035 |
|
|
|a (DE-627)1639971378
|
| 035 |
|
|
|a (DE-576)456021248
|
| 035 |
|
|
|a (DE-599)BSZ456021248
|
| 040 |
|
|
|a DE-627
|b ger
|c DE-627
|e rakwb
|
| 041 |
|
|
|a ger
|
| 100 |
1 |
|
|a Brühahn, Monika
|4 aut
|
| 245 |
1 |
0 |
|a Ergebnisse einer Meinungsbildung zu dem Thema Aids-Prävention bei Männern im Berliner Erwachsenenvollzug
|c Monika Brühahn
|
| 264 |
|
1 |
|c 1991
|
| 336 |
|
|
|a Text
|b txt
|2 rdacontent
|
| 337 |
|
|
|a ohne Hilfsmittel zu benutzen
|b n
|2 rdamedia
|
| 338 |
|
|
|a Band
|b nc
|2 rdacarrier
|
| 773 |
0 |
8 |
|i In
|t Der Lichtblick
|d Berlin : Der Lichtblick, 1968
|g 24(1991), 11/12, Seite 14-16
|w (DE-627)129117668
|w (DE-600)41991-6
|w (DE-576)014447150
|x 3052-5845
|7 nnas
|
| 773 |
1 |
8 |
|g volume:24
|g year:1991
|g number:11/12
|g pages:14-16
|
| 935 |
|
|
|a mkri
|
| 951 |
|
|
|a AR
|
| ELC |
|
|
|b 1
|
| LOK |
|
|
|0 000 xxxxxcx a22 zn 4500
|
| LOK |
|
|
|0 001 3301163165
|
| LOK |
|
|
|0 003 DE-627
|
| LOK |
|
|
|0 004 1639971378
|
| LOK |
|
|
|0 005 20160223100918
|
| LOK |
|
|
|0 008 160208||||||||||||||||ger|||||||
|
| LOK |
|
|
|0 040
|a DE-21-110
|c DE-627
|d DE-21-110
|
| LOK |
|
|
|0 689
|a s
|a Strafvollzug
|
| LOK |
|
|
|0 689
|a s
|a AIDS
|
| LOK |
|
|
|0 852
|z Kein Bestand am IfK; Nachweis für KrimDok
|
| LOK |
|
|
|0 852
|a DE-21-110
|
| LOK |
|
|
|0 852 1
|m v
|9 00
|
| LOK |
|
|
|0 935
|a k110
|
| LOK |
|
|
|0 938
|k v
|
| LOK |
|
|
|0 939
|a 08-02-16
|b l01
|
| ORI |
|
|
|a SA-MARC-krimdoka001.raw
|